Inovačný proces v e-learningu recenzovaný zborník príspevkov z medzinárodnej vedeckej konferencie : Bratislava, 24. marec 2009

Guardado en:
Detalles Bibliográficos
Autores Corporativos: Inovačný proces v e-learningu. Medzinárodná vedecká konferencia, Ekonomická univerzita v Bratislave
Otros Autores: Brixová, Janette, Novák, Martin, 1980-, Šóš, Ivan, 1977-
Formato: Libro
Lenguaje:eslovaco
inglés
Publicado: Bratislava Vydavateľstvo EKONÓM 2009
Materias:
Etiquetas: Agregar Etiqueta
Sin Etiquetas, Sea el primero en etiquetar este registro!

MARC

LEADER 00000nlm$a2200000$$$4500
001 0092861
005 20251007110516.8
020 |a 978-80-225-2724-8 
041 0 |a slo 
041 0 |a eng 
044 |a SK 
245 1 0 |a Inovačný proces v e-learningu  |b recenzovaný zborník príspevkov z medzinárodnej vedeckej konferencie : Bratislava, 24. marec 2009  |c zostavili: Janette Brixová, Martin Novák, Ivan Šóš 
264 1 |a Bratislava  |b Vydavateľstvo EKONÓM  |c 2009 
300 |a CD-ROM 
610 2 0 |a vzdelávanie elektronické 
610 2 0 |a vyučovanie 
610 2 0 |a vzdelávanie dištančné 
610 2 0 |a inteligencia umelá 
700 1 |a Brixová, Janette 
700 1 |a Novák, Martin, 1980- 
700 1 |a Šóš, Ivan, 1977- 
110 2 |a Inovačný proces v e-learningu. Medzinárodná vedecká konferencia 
710 2 |a Ekonomická univerzita v Bratislave